Feuerbach and the search for otherness (Record no. 182847)

MARC details
000 -LEADER
fixed length control field 00662nam a2200217Ia 4500
008 - FIXED-LENGTH DATA ELEMENTS--GENERAL INFORMATION
fixed length control field 191130s1989##################000#0#eng##
020 ## - INTERNATIONAL STANDARD BOOK NUMBER
ISBN 9780820408941
082 ## - DEWEY DECIMAL CLASSIFICATION NUMBER
Classification number 193 WIL
100 ## - MAIN ENTRY--AUTHOR NAME
Personal name Wilson, Charles A
245 ## - TITLE STATEMENT
Title Feuerbach and the search for otherness
Statement of responsibility, etc Charles A. Wilson
260 ## - PUBLICATION, DISTRIBUTION, ETC. (IMPRINT)
Place of publication Bern
Name of publisher Peter Lang
Year of publication c1989
300 ## - PHYSICAL DESCRIPTION
Number of Pages x, 448 p. ; 23 cm
500 ## - GENERAL NOTE
General note Includes bibliographical references and index
650 ## - SUBJECT ADDED ENTRY--TOPICAL TERM
Topical Term Difference (Philosophy) - History - 19th century
Topical Term Feuerbach, Ludwig, 1804-1872
991 ## -
-- 68971
Holdings
Withdrawn status Lost status Damaged status Not for loan Home library Current library Shelving location Date acquired Full call number Accession Number Price effective from Koha item type
        Anna Centenary Library Anna Centenary Library 3RD FLOOR, A WING 13.10.2020 193 WIL 220112 13.10.2020 English Books

Find us on the map